000 01203nam a22003617a 4500
003 CHAP
005 20220329143519.0
008 100319s2003 us r 00110 eng d
010 _a97824
011 _a98796
020 _a038795578X
035 _a109481
040 _cCHAP
082 0 4 _a519.2
_bL14
_22003
100 0 0 _aChung, Kai Lai.
_922979
245 1 0 _aElemaentary probability theory :
_bwith stochastic processes and introduction to matematical finance
_c/por Kai Lai Chung y Farid AitSahlia
250 _a4 ed.
260 _aNew York. :
_bSpringer,
_cc2003
300 _axiii, 402 p.
490 _aUndergraduate texts in mathematics
590 _aBATCH-UPD
_b10
_c20130110
_lUCH01
_h1626
590 _aBATCH-UPD
_b10
_c20130410
_lUCH01
_h1020
590 _aBATCH-UPD
_b10
_c20130914
_lUCH01
_h0929
590 _aCONVERSION
_b10
_c20130109
_lUCH01
_h1354
650 0 4 _aEstocástica.
_938336
650 0 4 _aMatemáticas financieras.
_972912
650 0 4 _aProbabilidad.
_991685
700 1 _aAitSahlia, Farid.
_93167
830 0 _aUndergraduate texts in mathematics
_9116130
901 _aBK
942 _cLIBRO
949 _a519.2 L14 2003
_bBC
_cLIBRO
_d33724002170040
_eLIBRO
_h112509
_i109481
_sb
999 _c97824
_d97824